[Event "Barcelona Sants op 11th"]
[Site "Barcelona"]
[Date "2009.07.13"]
[Round "1"]
[White "Carmona Gimeno, Javier"]
[Black "Echarri Torres, Miguel"]
[Result "0-1"]
[WhiteElo "1780"]
[BlackElo "2139"]
[PlyCount "184"]
[EventDate "2009.07.13"]
[EventType "swiss"]
[EventRounds "9"]
[EventCountry "ESP"]
[SourceTitle "CBM 131 Extra"]
[Source "ChessBase"]
[SourceDate "2009.09.03"]
[SourceVersion "2"]
[SourceVersionDate "2009.09.16"]
[SourceQuality "1"]

1. e4 c5 2. Nf3 e6 3. d4 cxd4 4. Nxd4 a6 5. Be3 Nf6 6. Nc3 Qc7 7. a3 Nc6 8. Be2 b5 9. 0-0 Bb7 10. Bf3 Ne5 11. Re1 Be7 12. Bf4 Nxf3+ 13. Qxf3 d6 14. Bg3 0-0 15. Qe2 Nd7 16. Rad1 Rac8 17. Kh1 Ne5 18. Na2 Qc4 19. b3 Qc5 20. f4 Nc6 21. Nxc6 Rxc6 22. Nb4 Rcc8 23. Bf2 Qc7 24. Rd2 Rfd8 25. Red1 Qa5 26. Bd4 Qxa3 27. Nd3 Qa5 28. Qe3 Re8 29. Bb6 Qc3 30. Bd4 Qc6 31. Re2 Qc7 32. Ra1 Bd8 33. Nb4 a5 34. Nd3 e5 35. fxe5 dxe5 36. Bc5 Re6 37. c4 bxc4 38. bxc4 Rc6 39. Rb2 Ba8 40. Rb5 Rb8 41. Rab1 Rc8 42. Bb6 Qe7 43. c5 Bxb6 44. cxb6 Bb7 45. Rxa5 f6 46. h3 Rc4 47. Ra7 Rb8 48. Rc1 Qe6 49. Rxc4 Qxc4 50. Nc5 Bc6 51. Qg3 g6 52. Qh4 Qf1+ 53. Kh2 h5 54. Qg3 Qf4 55. Qxf4 exf4 56. b7 Kf7 57. Kg1 Ke7 58. Kf2 Kd6 59. Nd3 g5 60. h4 Rxb7 61. Ra5 Rb5 62. Ra4 Rb1 63. Ra6 Kc7 64. Ra5 Bb5 65. Ne1 g4 66. Ra7+ Kd6 67. Rh7 g3+ 68. Kf3 Rxe1 69. Kxf4 Bc6 70. Rxh5 Rxe4+ 71. Kxg3 Re2 72. Rh6 Ke5 73. Rh5+ f5 74. Rh7 Rxg2+ 75. Kh3 f4 76. Rh6 Rg3+ 77. Kh2 Bf3 78. Rh8 Bg4 79. Re8+ Kf5 80. Rf8+ Ke4 81. Re8+ Kf3 82. Ra8 Rh3+ 83. Kg1 Rxh4 84. Ra3+ Ke4 85. Ra4+ Kf5 86. Ra5+ Kg6 87. Ra6+ Kg5 88. Ra5+ Bf5 89. Kf2 Kg4 90. Ra8 Rh2+ 91. Kg1 Rc2 92. Ra6 f3 0-1